Statistics for Countries Without Vowels Quiz #14

Click here to take the quiz!

General Stats

  • This quiz has been taken 19 times
  • The average score is 12 of 14

Answer Stats

Countries (No Vowels)Countries% Correct
CHLChile
100%
CRTCroatia
100%
NW ZLNDNew Zealand
100%
BHMSBahamas
94%
GRCGreece
94%
SNGLSenegal
94%
SRR LNSierra Leone
94%
STH FRCSouth Africa
94%
TLYItaly
88%
SRBSerbia
88%
SDNSudan
88%
NTD STTSUnited States
76%
RMNArmenia
59%
KRNUkraine
47%

Score Distribution

Percentile by Number Answered

Percent of People with Each Score

Your Score History

You have not taken this quiz